| 000 | 00762nam a22001937a 4500 | ||
|---|---|---|---|
| 999 |
_c1736 _d1736 |
||
| 005 | 20230125092053.0 | ||
| 008 | 230125b ||||| |||| 00| 0 eng d | ||
| 020 | _a9781398318496 | ||
| 040 | _cKH8 | ||
| 082 | _a004 WAT | ||
| 100 |
_aWatson, David _eauthor |
||
| 245 |
_aCambridge IGCSE and o Level Computer Science Computer Systems Workbook/ _cDavid Watson, Helen Williams |
||
| 260 |
_aLondon: _bHodder Education Group, _c2021. |
||
| 300 |
_a95 p. ; _bill. _c30 cm. |
||
| 505 | _a Cover Book title Copyright Contents Introduction 1 Data representation 2 Data transmission 3 Hardware 4 Software 5 The internet and cyber security 6 Automated and emerging technologies | ||
| 650 | _aWorkbook | ||
| 700 |
_aWilliams, Helen _eauthor |
||
| 942 |
_2ddc _cTR |
||